000 00578nam a22002177a 4500
001 00028856
005 20260423161443.0
008 260423b ag ||||| |||| 00| 0 spa d
020 _a8441308985
040 _aAR-CcCEOS
_bspa
_cAR-CcCEOS
041 _aspa
080 _a94(47)
090 _bAND
100 1 _aAndrews, Peter
_91107
245 _aLos emperadores de Rusia :
_bVolumen I /
_cPeter Andrews
264 _aBarcelona :
_bFolio,
_cc1998.
300 _a87 p. ;
_c30x28 cm.
490 _vAtlas culturales del mundo
655 0 _aarte
_9138
942 _2udc
_cBK
_n0
999 _c28897
_d28897